000 02811nam a22011417a 4500
001 727454
003 PE-LiUPU
005 20250813185707.0
008 180130s2013 mx ||||| |||| 00| 0 spa d
020 _a9786074386738
040 _aPE-LiUPU
_bspa
_cPE-LiUPU
_erda
041 _aspa
082 _223
_a304.6
_bL382f
100 1 _aLaurent, Clint
_eautor.
245 1 3 _aEl futuro del mundo :
_blecciones de demografía y socioeconomía para 2032 /
_cLaurent Clint
264 _aMéxico:
_bPatria,
_c2013
300 _a272 páginas;
_c22 centímetros.
_bIlustrado con diagramas
500 _aIncluye índice
504 _aIncluye referencias bibliográficas
505 _aEscenario demográfico actual -- Cambio poblacional para el 2032 -- Hogares del futuro -- Educación y productividad -- Evolución de la fuerza laboral -- ¿En qué parte del mundo está el dinero? -- Distribución de hogares según ingreso -- ¨Patrón cambiante en los gastos consumos -- El tsunami de la salud -- Detrás del despliegue publicitario: el futuro de China e India.
526 _aP202
526 _aP201
526 _aP163
526 _aP162
526 _aP161
526 _aP160
526 _aP148
526 _aP147
526 _aP146
526 _aP145
526 _aP144
526 _aP143
526 _aP142
526 _aP141
526 _aP140
526 _aP139
526 _aP138
526 _aP137
526 _aP136
526 _aP135
526 _aP134
526 _aP133
526 _aP129
526 _aP128
526 _aP127
526 _aP120
526 _aP119
526 _aP118
526 _aP116
526 _aP115
526 _aP114
526 _aP110
526 _aP109
526 _aP108
526 _aP104
526 _aP103
526 _aP102
526 _aP99
526 _aP98
526 _aP97
526 _aP96
526 _aP95
526 _aP93
526 _aP90
526 _aP89
526 _aP88
526 _aP83
526 _aP82
526 _aP62
526 _aP59
526 _aP58
526 _aP57
526 _aP51
526 _aP49
526 _aP48
526 _aP47
526 _aP29
526 _aP24
526 _aP20
526 _aP19
526 _aP17
526 _aP15
526 _aP14
526 _aP12
526 _aP10
526 _aP09
526 _aP08
526 _aP07
526 _aP06
526 _aP05
526 _aP04
526 _aP01
650 1 7 _2LEMB
_aDemografía
650 1 7 _2LEMB
_aEconomía
_xAspectos sociológicos
700 _aPadilla Sierra, Gloria Estela
_eautor.
_93946
942 _cBK
_n0
_2ddc
980 _618228
_aChristian Lazo Analista Documental
_81
_gALBERTO SANCHEZ Responsable de Automatización
999 _c62370
_d62369